000 00870nas a2200265 4500
001 BR8107126
003 BR-BrBNA
005 20231205084858.0
007 ta
008 230509b bl.|||p| |||| 00| 00por d
040 _aBR-BrBNA
_bpor
_cBiblioteca Nacional de Agricultura
041 _a(Pt)
072 _aL20
100 1 _aNegret, A.J.
100 1 _aNegret, R.A.
110 1 _aInstituto Brasileiro de Desenvolvimento Florestal, Brasilia, DF (Brasil)
_95727
245 1 _aAs aves migratorias do Distrito Federal [Brasilia, Brasil]
650 _aMIGRACAO ANIMAL
650 _aAVE SELVAGEM
650 _aDISTRIBUICAO GEOGRAFICA
650 _aDISTRITO FEDERAL
773 0 _tBoletim Tecnico - Instituto Brasileiro de Desenvolvimento Florestal (Brazil)
_x
_g(1981), (no. 6) p. 7-64
_wBR8107126
909 _a202311
_bLúcia
_c55
_dLúcia Elande
942 _2AGRIS
_n0
_cANA
999 _c107873
_d107873